01814ngm a2200373 a 450000500170000000800410001704100080005808200190006624500580008525000180014330000780016149000460023950504250028554600580071065000430076865000770081165000310088865000580091970000330097770000300101070000310104070000370107170000310110870000320113970000270117170000310119870000290122970000280125826400310128633600270131733700330134433800280137704000350140520220317001836.0170410s2013 c g 000 0 s  aENG04a791.43658bD3200a10 grandes películas de piratashvideodisco digital a1a. edición a6 DVD (120 minutos cada uno)bsonido, en blanco y negro y en colorc12 cm aCine club películas para coleccionistas aDVD 1. Piratas de naufragios / Cecil Demille DVD 2. Los bucaneros / Anthony Quinn ; El capitán pirata / Frederick de Cordova DVD 3. El capitán Blood / Michael Curtiz ; La isla de los corsarios / George Sherman DVD 4. El pirata y la dama / Mitchell Leisen ; El cisne negro / Henry King DVD 5. El pirata pelirrojo / Robert Siodmak DVD 6. La princesa y el pirata / David Butler ; Barbanegra el pirata / Raoul Walsh aPelículas en inglés con subtítulos en español142LEMBaAventuras en el marvVideodiscos142LEMBaPelículas cinematográficasvColeccionesvVideodiscosySiglo XX142LEMBaPiratasvVideodiscos142LEMBaPelículas de aventurasvVideodiscosySiglo XX1 aDemille, Cecil B.d1881-19591 aQuinn, Anthonyd1915-20011 aCurtiz, Michaeld1888-19621 aCordova, Frederick ded1910-20011 aSherman, Georged1908-19911 aLeisen, Mitchelld1898-19721 aKing, Henryd1886-19821 aSiodmak, Robertd1900-19731 aButler, Davidd1894-19791 aWalsh, Raould1887-1980 aBogotábEjd Moviesc2013 atextobtxt2rdacontent asin mediaciónbn2rdamedia avolumenbnc2rdacarrier aCO-BoRNBPbspaerdacCO-BoRNBP